Miasta w województwie łódzkim - Statystyki

Ogólne statystyki
  • Ten quiz został rozwiązany 135 razy
    30 od ostatniego zresetowania
  • Średni wynik to 46 z 60
Statystyki odpowiedzi
Miasto Liczba mieszkańców % Poprawnych
Brzeziny 11 822
100%
Kutno 40 095
100%
Łódź 642 590
100%
Opoczno 18 520
100%
Pabianice 59 598
100%
Rawa Mazowiecka 15 646
100%
Skierniewice 44 958
100%
Zgierz 52 628
100%
Bełchatów 51 247
92%
Ozorków 17 748
92%
Piotrków Trybunalski 65 676
92%
Poddębice 6613
92%
Radomsko 42 133
92%
Tomaszów Mazowiecki 56 347
92%
Wieluń 19 953
92%
Zduńska Wola 37 675
92%
Aleksandrów Łódzki 21 976
85%
Głowno 12 889
85%
Koluszki 11 882
85%
Konstantynów Łódzki 19 279
85%
Łęczyca 12 760
85%
Pajęczno 6241
85%
Piątek 1517
85%
Uniejów 2967
85%
Zelów 6892
85%
Łask 15 728
77%
Łowicz 25 429
77%
Lutomiersk 1554
77%
Lututów 2156
77%
Parzęczew 926
77%
Rzgów 3447
77%
Sieradz 38 021
77%
Sulejów 5860
77%
Szadek 1752
77%
Tuszyn 7119
77%
Wieruszów 8195
77%
Biała Rawska 2903
69%
Inowłódz 766
69%
Kamieńsk 2590
69%
Stryków 3309
69%
Ujazd 1482
69%
Warta 2854
69%
Żychlin 7335
69%
Drzewica 3434
62%
Jeżów 1252
62%
Krośniewice 3906
62%
Osjaków 1330
62%
Przedbórz 3076
62%
Wolbórz 2223
62%
Błaszki 1920
54%
Bolesławiec 870
54%
Bolimów 889
54%
Działoszyn 5128
54%
Kiernozia 790
54%
Żarnów 1102
54%
Złoczew 3375
54%
Białaczów 1098
46%
Dąbrowice 940
46%
Grabów 1009
46%
Rozprza 1627
46%
Nie znaleziono quizów pasujących do podanych kryteriów
Rozkład punktacji
Procent ludzi z każdym wynikiem
Percentyl według liczby udzielonych odpowiedzi
Twoja historia wyników
Nie rozwiązałeś tego quizu od ostatniego zresetowania